000 00349nam a2200133 4500
008 250701b |||||||| |||| 00| 0 eng d
040 _aDE-2950
_cDE-2950
_dDE-2950
041 _ager
041 _apol
245 _aWelt der Erinnerungen:
_bmeine und deine Geschichte. Unsere Städte
260 _aSlubice
_c2007
300 _a112 S.
942 _2z
_cB
999 _c373841
_d373841